Cuentos de Oscar Wilde / (Registro nro. 4060)

Detalles MARC
000 -LEADER
fixed length control field 01073nam a2200241Ia 4500
003 - CONTROL NUMBER IDENTIFIER
control field OSt
005 - DATE AND TIME OF LATEST TRANSACTION
control field 20200609150722.0
008 - FIXED-LENGTH DATA ELEMENTS--GENERAL INFORMATION
fixed length control field 191128s1999 ck a gr 000 j spa d
020 ## - INTERNATIONAL STANDARD BOOK NUMBER
International Standard Book Number 9580423784
040 ## - CATALOGING SOURCE
Original cataloging agency CO-JMCR
Transcribing agency CO-JMCR
041 ## - LANGUAGE CODE
Language code of text/sound track or separate title spa
082 04 - DEWEY DECIMAL CLASSIFICATION NUMBER
Classification number C /
Item number WILc
100 1# - MAIN ENTRY--PERSONAL NAME
Personal name Wilde, Oscar,
Dates associated with a name 1854-1900
Relator term autor
9 (RLIN) 5266
245 10 - TITLE STATEMENT
Title Cuentos de Oscar Wilde /
Remainder of title traducción María del Mar Ravassa ; ilustraciones Patricia Rodríguez
260 ## - PUBLICATION, DISTRIBUTION, ETC.
Place of publication, distribution, etc. Bogotá :
Name of publisher, distributor, etc. Norma,
Date of publication, distribution, etc. 1999
300 ## - PHYSICAL DESCRIPTION
Extent 126 páginas :
Other physical details ilustraciones en blanco y negro ;
Dimensions 19 cm.
490 ## - SERIES STATEMENT
Series statement Torre de papel. Torre amarilla
500 ## - GENERAL NOTE
General note Recomendado a partir de 11 años.
505 ## - FORMATTED CONTENTS NOTE
Formatted contents note El ruiseñor y la rosa -- El príncipe feliz -- El cohete extraordinario -- El joven rey -- El amigo fiel -- El gigante egoísta
520 ## - SUMMARY, ETC.
Summary, etc. En estos relatos se evidencia un rechazo a falsos valores como el egreimiento, el poder y la figuración social. En cambio, se exaltan la modestia, el trabajo, la sensibilidad social y el verdadero amor.
650 14 - SUBJECT ADDED ENTRY--TOPICAL TERM
Topical term or geographic name entry element Literatura infantil
9 (RLIN) 5267
942 ## - ADDED ENTRY ELEMENTS (KOHA)
Source of classification or shelving scheme Dewey Decimal Classification
Koha item type Books
Existencias
Withdrawn status Lost status Source of classification or shelving scheme Damaged status Not for loan Collection code Home library Current library Date acquired Source of acquisition Cost, normal purchase price Total Checkouts Full call number Barcode Date last seen Date last checked out Copy number Koha item type
    Dewey Decimal Classification     Fiction Biblioteca Pública José María del Castillo y Rada Biblioteca Pública José María del Castillo y Rada 11/28/2019 Donación 0.00 9 C / WILc 201808857 02/11/2026 02/11/2026 Ej.1 Books